banner-ar

المكتبة الاندلسية / (Record no. 43512)

MARC details
000 -الفاتح
حقل البيانات ثابتة الطول 01851nam a2200217Ia 4500
005 - وقت وتاريخ اخر تعامل مع التسجيلة
رقم الضبط 20240530103928.0
008 - عناصر البيانات ثابتة الطول - معلومات عامة
حقل البيانات ثابتة الطول 140319s1990 ua a 000 0 ara d
017 ## - رقم الايداع القانونى
المصدر ( الهيئة المختصة) مصر. دار الكتب
040 ## - مصدر الفهرسة
وكالة الفهرسة الأصلية GCL /
وكالة النسخ GCL
082 04 - رقم تصنيف ديوى العشرى
رقم التصنيف 953.071
رقم المادة د م
رقم الطبعة 21
110 0# - المدخل الرئيسى - إسم هيئة
اسم الهيئة أو اسم السلطة كمدخل دار الكتاب المصرى
245 12 - بيان العنوان
العنوان المكتبة الاندلسية /
بيان المسئوليه,etc دار الكتاب المصرى
260 ## - PUBLICATION, DISTRIBUTION, ETC. (IMPRINT)
تاريخ النشر أو التوزيع 1990
300 ## - الوصف المادى
التعداد 18 مج ؛
أبعاد الوعاء 24 سم
490 ## - بيان السلسلة
عنوان السلسلة المكتبة الاندلسية
رقم المجلد/ التعيين التسلسلي 0
500 ## - تبصرة عامة
تبصرة عامة المجلد الاول : اخبار مجموعة <br/>المجلد الثالث : تاريخ علماء الاندلس جزء 1<br/>المجلد الرابع : تاريخ علماء الاندلس جزء 2<br/>المجلد الخامس : تاريخ علماء الاندلس جزء 3<br/>المجلد السادس : قضاة قرطبة <br/>المجلد السابع : جذوة المقتبس فى تاريخ علماء الاندلس جزء 1<br/>المجلد الثامن : جذوة المقتبس فى تاريخ علماء الاندلس جزء 2<br/>المجلد الحادى عشر : الصلة جزء 1<br/>المجلد الثانى عشر : الصلة جزء 2<br/>المجلد الثالث عشر : الصلة جزء 3<br/>المجلد الرابع عشر : بغية الملتمس فى تاريخ رجال اهل الاندلس جزء 1<br/>المجلد الخامس عشر : بغية الملتمس فى تاريخ رجال اهل الاندلس جزء 2<br/>المجلد السادس عشر : المعجم فى اصحاب القاضى الصدفى <br/>المجلد السابع عشر : المقتضب من كتاب تحفة القادم <br/>المجلد الثامن عشر :التكملة لكتاب الصلة <br/>
650 04 - المدخل الاضافى بالموضوع-مصطلح موضوعى
مصطلح موضوعي القضاء
مصدر الرأس أو المصطلح qrmak
650 04 - المدخل الاضافى بالموضوع-مصطلح موضوعى
مصطلح موضوعي قرطبة
مصدر الرأس أو المصطلح qrmak
651 ## - المدخل الاضافى بالموضوع - اسم جغرافى
مصدر الرأس أو المصطلح qrmak
942 ## - عناصر المدخل الإضافي( كوها)
مصدر التصنيف او مخطط الترفيف Dewey Decimal Classification
Koha [default] item type كتاب
260 ## - PUBLICATION, DISTRIBUTION, ETC. (IMPRINT)
-- القاهرة :
-- دار الكتاب المصرى،
Holdings
حالة التراجع حالة الفقد حالة تلف ليس للاعارة المكان المؤقت الموقع الحالى موقع الترفيف تاريخ الاكتساب اجمالي اﻻعارات رقم الطلب الباركود تاريخ اخر مشاهدة تاريخ تفعيل السعر نوع وعاء كوها
        مكتبة القاهرة الكبرى مكتبة القاهرة الكبرى ق الرئيسية_التاريخ والجغرافيا_ك عربى 03/26/2014   953.071 خ ق 105366 03/26/2014 03/26/2014 كتاب
        مكتبة القاهرة الكبرى مكتبة القاهرة الكبرى ق الرئيسية_التاريخ والجغرافيا_ك عربى 03/26/2014   953.071 خ ق 105367 03/26/2014 03/26/2014 كتاب
        مكتبة القاهرة الكبرى مكتبة القاهرة الكبرى ق الرئيسية_التاريخ والجغرافيا_ك عربى 03/26/2014   953.071 خ ق 105368 03/26/2014 03/26/2014 كتاب
        مكتبة القاهرة الكبرى مكتبة القاهرة الكبرى ق الرئيسية_التاريخ والجغرافيا_ك عربى 03/26/2014   953.071 خ ق 105369 03/26/2014 03/26/2014 كتاب

Powered By

EGPV